Größte Städte der Welt nach Buchstabe - J - Statistiken

Allgemein
  • Dieses Quiz wurde 307 mal gespielt
  • Das Durchschnittsergebnis liegt bei 5 aus 16
Antwortstatistiken
Land Bevölkerung Stadt % Korrekt
Indonesien 28,9 Mio. Jakarta
99%
Südafrika 14,8 Mio. Johannesburg
97%
Armenien 1,51 Mio. Jerewan (Eriwan)
76%
Kamerun 3,70 Mio. Jaunde
68%
Russland 1,84 Mio. Jekaterinburg
58%
USA 2,03 Mio. Jacksonville
51%
Indien 4,28 Mio. Jaipur
36%
China 6,35 Mio. Jinan
13%
Indien 1,61 Mio. Jodhpur
13%
China 1,61 Mio. Jilin
10%
China 1,79 Mio. Jining
8%
China 2,08 Mio. Jiaxing
3%
Indien 1,76 Mio. Jamshedpur
2%
Indien 1,56 Mio. Jabalpur
1%
China 3,03 Mio. Jiangyin
1%
China 1,57 Mio. Jiaozuo
0%
Keine übereinstimmenden Quizze gefunden
Verteilung der Resultate
Anzahl Personen mit jedem Resultat
Perzentil nach korrekt beantworteten Fragen
Ihre Resultats-Entwicklung
Sie haben dieses Quiz noch nicht gespielt